[Event "FRA-chT2 Nord 0708"]
[Site "France"]
[Date "2008.03.15"]
[Round "8.8"]
[White "Sinny Palany, Emilie"]
[Black "Perrusset, Barbara"]
[Result "0-1"]
[WhiteElo "1099"]
[BlackElo "1871"]
[PlyCount "68"]
[EventDate "2007.10.21"]
[EventType "team"]
[EventRounds "11"]
[EventCountry "FRA"]
[SourceTitle "EXT 2009"]
[Source "ChessBase"]
[SourceDate "2008.11.26"]
[SourceVersion "1"]
[SourceVersionDate "2008.11.26"]
[SourceQuality "1"]
[WhiteTeam "Arcueil"]
[BlackTeam "Franconville"]
[WhiteTeamCountry "FRA"]
[BlackTeamCountry "FRA"]

1. e4 c5 2. Nf3 e6 3. g3 Nc6 4. Nc3 d6 5. Bb5 Bd7 6. Bxc6 Bxc6 7. d4 cxd4 8. Nxd4 Bd7 9. Qd3 Nf6 10. Be3 Be7 11. 0-0-0 a6 12. f4 Qa5 13. Nb3 Qc7 14. Rhg1 b5 15. a3 0-0 16. f5 Rab8 17. g4 Rfc8 18. g5 Ne8 19. g6 fxg6 20. fxg6 Bf6 21. gxh7+ Kh8 22. Bg5 Bxc3 23. bxc3 Qxc3 24. Qxc3 Rxc3 25. Bd2 Rh3 26. Rdf1 Nf6 27. Bg5 Nxe4 28. Be7 Rxh7 29. Rf8+ Rxf8 30. Bxf8 Kg8 31. Rf1 Rxh2 32. Rf4 e5 33. Rxe4 Kxf8 34. Rg4 Bxg4 0-1